000 00648nam a2200241Ia 4500
003 OSt
005 20221005132409.0
006 a|||||r|||| 00| 0
007 ta
008 221004b |||||||| |||| 00| 0 eng d
024 _a70000
037 _cTextual
040 _aCRL
_cCRL
_beng
041 _2eng
_aeng
082 _aY1:7:7:r2:N5, J6
110 _aIndia (Government of --). Planning Commission
245 0 _aThree years of community project
260 _c1956
650 _aSOCIOLOGY
700 _aIndia (Government of --). Planning Commission
942 _hY1:7:7:r2:N5, J6
_cTEXL
_2cc
999 _c1063504
_d1063504